| 000 | 00937nam a2200301 a 4500 | ||
|---|---|---|---|
| 001 | 77052 | ||
| 003 | BD-RjUL | ||
| 005 | 20211209082924.0 | ||
| 008 | 200219r19611960enk 00011 eng d | ||
| 035 | _a(BD-RjUL)77276 | ||
| 035 | _a1668000 | ||
| 040 |
_aANL _beng _dANL _cBD-RjUL |
||
| 041 | _aeng | ||
| 082 | 0 |
_223 _a813.52 _bGAC 1961 |
|
| 100 | 1 |
_aGardner, Erle Stanley, _d1889-1970. _9239549 |
|
| 245 | 1 | 4 |
_aThe case of the curious bride / _cErle Stanley Gardner. |
| 260 |
_aHarmondsworth, Eng. : _bPenguin Books, _c1960 [reprinted 1961] |
||
| 300 |
_a208 p. ; _c18 cm. |
||
| 490 | 1 |
_aPenguin books ; _v1455 |
|
| 500 | _aOriginally published: Cassell, 1935. | ||
| 650 |
_aMason, Perry (Fictitious character) _9194004 |
||
| 650 |
_aDetective and mystery stories _9239550 |
||
| 650 |
_aPrivate investigators _9239551 |
||
| 830 | 0 |
_aPenguin books ; _v1455. _9239553 |
|
| 942 |
_2ddc _cBK |
||
| 999 |
_c77052 _d77052 |
||